| 000 | 00644nam a2200217 a 4500 | ||
|---|---|---|---|
| 001 | 16819 | ||
| 003 | CO-ViMGA | ||
| 008 | 141112s2004 ck r 000 u spa d | ||
| 020 | _a9687529695 | ||
| 040 |
_aCO-ViMGA _bspa _cCO-ViMGA |
||
| 082 | 0 | 4 | _a302.2 V373c |
| 100 | 1 |
_aVerderber, Rudolph F. _923785 |
|
| 245 | 1 | 0 | _aComunícate |
| 250 | _a9 | ||
| 260 |
_aMexico, _cThomson, _c1999 |
||
| 300 | _a482.p.il.fotos | ||
| 505 | _aFundamentos de la comunicación Comunicación interpersonal Comunicación de grupo Hablar en público | ||
| 590 | _aForma de adquisición : Premio - Mincultura | ||
| 650 | 1 | 4 |
_aCOMUNICACION _952539 |
| 942 |
_2ddc _cBK |
||
| 999 |
_c26467 _d26467 |
||